Projecte educatiu de ciutat / [Joan Domènech Francesch]
Descripción Física:
27 p. ; 28 cm
Colección:
Guies metodològiques ; 3
Materias:
Projecte educatiu de ciutat
MARC
| LEADER | 00000nam a2200000Ia 4500 | ||
|---|---|---|---|
| 001 | 17698 | ||
| 008 | 160829s1998 xx 000 0 cat d | ||
| 080 | |a FU-15-17 | ||
| 245 | |a Projecte educatiu de ciutat / [Joan Domènech Francesch] | ||
| 250 | |a Ed. no venal | ||
| 260 | |a Barcelona : |b Diputació de Barcelona. Àrea d'Educació, |c 1998 | ||
| 300 | |a 27 p. ; |c 28 cm | ||
| 490 | |a Guies metodològiques ; 3 | ||
| 650 | |a Projecte educatiu de ciutat |9 39276 | ||
| 710 | |a Barcelona (Catalunya : Província). |b Àrea d'Educació |9 8009 | ||
| 901 | |a Arxiu | ||
| 942 | |n 1 | ||
| 952 | |0 0 |1 0 |4 0 |6 FU1517 |7 1 |9 48905 |a Arxiu |b Arxiu |d 2016-12-01 |l 0 |o FU-15-17 |p 17698 |r 2016-12-01 00:00:00 |w 2016-12-01 |y ARXIU | ||
| 999 | |c 52740 |d 52740 | ||